| 000 | 00642nam a22002057a 4500 | ||
|---|---|---|---|
| 003 | 0 | ||
| 005 | 20240924102906.0 | ||
| 008 | 240924b xxu||||| |||| 00| 0 eng d | ||
| 020 | _a978-1-975114-55-8 | ||
| 050 |
_aRT 55 _b.C58 2024 |
||
| 100 | _aClutter, Patricia L. | ||
| 245 |
_aLippincott Q&A certification review : _bemergency nursing (CEN) _cClutter, Patricia L. |
||
| 250 | _a3rd ed. | ||
| 260 |
_aPhiladelphia _bWolters kluwer _cC2024 |
||
| 300 |
_aix, 408p. _bcol. : _c27cm. |
||
| 500 | _aNursing examinations, questions, etc. | ||
| 500 | _aNursing care -- examinations, questions. | ||
| 650 | _aIncludes index. | ||
| 942 |
_2lcc _cBK |
||
| 999 |
_c366378 _d366378 |
||